| 000 -LEADER |
| fixed length control field |
02403cam a2200373 i 4500 |
| 001 - CONTROL NUMBER |
| control field |
18040260 |
| 003 - CONTROL NUMBER IDENTIFIER |
| control field |
Nust |
| 005 - DATE AND TIME OF LATEST TRANSACTION |
| control field |
20170223162624.0 |
| 008 - FIXED-LENGTH DATA ELEMENTS--GENERAL INFORMATION |
| fixed length control field |
140212s2008 enka b 011 0deng |
| 010 ## - LIBRARY OF CONGRESS CONTROL NUMBER |
| LC control number |
2014342185 |
| 020 ## - INTERNATIONAL STANDARD BOOK NUMBER |
| International Standard Book Number |
9781906190200 |
| 040 ## - CATALOGING SOURCE |
| Original cataloging agency |
DLC |
| Language of cataloging |
eng |
| Transcribing agency |
DLC |
| Description conventions |
rda |
| 042 ## - AUTHENTICATION CODE |
| Authentication code |
lcode |
| -- |
pcc |
| 043 ## - GEOGRAPHIC AREA CODE |
| Geographic area code |
b------ |
| -- |
cc----- |
| 050 00 - LIBRARY OF CONGRESS CALL NUMBER |
| Classification number |
F2131 |
| Item number |
.S55 2008 |
| 082 ## - DEWEY DECIMAL CLASSIFICATION NUMBER |
| Classification number |
338.91 |
| 245 00 - TITLE STATEMENT |
| Title |
Shridath Ramphal : |
| Remainder of title |
the Commonwealth and the World : essays in honour of his 80th birthday / |
| Statement of responsibility, etc. |
edited by Richard Bourne. |
| 264 #1 - PRODUCTION, PUBLICATION, DISTRIBUTION, MANUFACTURE, AND COPYRIGHT NOTICE |
| Place of production, publication, distribution, manufacture |
London : |
| Name of producer, publisher, distributor, manufacturer |
Hansib Publications, |
| Date of production, publication, distribution, manufacture, or copyright notice |
2008. |
| 300 ## - PHYSICAL DESCRIPTION |
| Extent |
x, 206 pages, 32 unnumbered pages of plates : |
| Other physical details |
illustrations ; |
| Dimensions |
24 cm |
| 336 ## - CONTENT TYPE |
| Content type term |
text |
| Content type code |
txt |
| Source |
rdacontent |
| 337 ## - MEDIA TYPE |
| Media type term |
unmediated |
| Media type code |
n |
| Source |
rdamedia |
| 338 ## - CARRIER TYPE |
| Carrier type term |
volume |
| Carrier type code |
nc |
| Source |
rdacarrier |
| 504 ## - BIBLIOGRAPHY, ETC. NOTE |
| Bibliography, etc. note |
Includes bibliographical references and index. |
| 505 0# - FORMATTED CONTENTS NOTE |
| Formatted contents note |
Shridath Ramphal - personal reflections. Me and my boss : the Sonny experience / Moni Malhoutra -- Shridath "Sonny" Ramphal : part-Asian, part-African, part Native American - but totally Caribbean / Rex Nettleford -- Ramphal and Soutern Africa. Ramphal and the independence of Zimbabwe / Patsy Robertson -- Shridath Ramphal, and his struggle for peaceful change in South Africa / S.K. Rao -- Rampahl and the Caribbean. Ramphal, the US-led invasion of Grenada, and the Commonwealth / Ronald Sanders -- Statesman of the West Indies / Anthony Payne -- The Commonwealth context, 1975-1990. Thatcher and Ramphal : a long and turbulent relationship / Derek Ingram -- Commonwealth Africa : background to the anti-apartheid struggle / Guy Arnold -- An unlucky Secretary-General : Sonny Ramphal and a 'Season of Caesars' in Commonwealth South Asia / James Manor -- A global citizen. Ramphal and the Lomé Convention / Kaye Whiteman -- Practising development cooperatioon : Ramphal's role and influence / Bishnodat Persaud -- Ramphal's work in bridging environment and development / Vincent Cable. |
| 600 10 - SUBJECT ADDED ENTRY--PERSONAL NAME |
| Personal name |
Ramphal, S. S. |
| 610 20 - SUBJECT ADDED ENTRY--CORPORATE NAME |
| Corporate name or jurisdiction name as entry element |
Commonwealth Secretariat. |
| 610 20 - SUBJECT ADDED ENTRY--CORPORATE NAME |
| Corporate name or jurisdiction name as entry element |
Commonwealth (Organization) |
| 650 #0 - SUBJECT ADDED ENTRY--TOPICAL TERM |
| Topical term or geographic name entry element |
Statesmen. |
| 650 #0 - SUBJECT ADDED ENTRY--TOPICAL TERM |
| Topical term or geographic name entry element |
International economic relations. |
| 650 #0 - SUBJECT ADDED ENTRY--TOPICAL TERM |
| Topical term or geographic name entry element |
Politicians. |
| 651 #0 - SUBJECT ADDED ENTRY--GEOGRAPHIC NAME |
| Geographic name |
Commonwealth countries |
| General subdivision |
Politics and government. |
| 700 1# - ADDED ENTRY--PERSONAL NAME |
| Personal name |
Bourne, Richard, |
| Dates associated with a name |
1940- |
| Relator term |
editor of compilation. |
| 906 ## - LOCAL DATA ELEMENT F, LDF (RLIN) |
| a |
7 |
| b |
cbc |
| c |
orignew |
| d |
2 |
| e |
ncip |
| f |
20 |
| g |
y-gencatlg |
| 942 ## - ADDED ENTRY ELEMENTS (KOHA) |
| Source of classification or shelving scheme |
|
| Koha item type |
Book |